000 00893nas a2200289 4500
001 BR2012008024
003 BR-BrBNA
005 20231205121358.0
007 ta
008 230509b bl.|||p| |||| 00| 00por d
040 _aBR-BrBNA
_bpor
_cBiblioteca Nacional de Agricultura
041 _a(Pt)
072 _aF40; F01
100 1 _aBalbino Junior, A.A.
100 1 _aBackes, R.L.
100 1 _aSouza, A. M. de
245 1 _aDesempenho de cultivares de girassol em três épocas de semeadura no planalto norte catarinense
650 _aGIRASSOL
650 _aCONDIÇÃO AMBIENTAL
650 _aSEMEADURA
650 _aGRÃO
650 _aPRODUTIVIDADE
650 _aCARACTERÍSTICAS AGRONÔMICAS
773 0 _tScientia Agrária (Brazil)
_xISSN 1519-1125
_g(Mar-Apr 2009), v. 10(2) p. 127-133
_wBR2012008024
909 _a202311
_bLúcia
_c55
_dLúcia Elande
942 _2AGRIS
_n0
_cANA
999 _c223260
_d223260